Global negotiation : the new rules /

Bibliographic Details
Main Author: Hernández-Requejo, William
Other Authors: Graham, John L.
Format: Book
Language:English
Published: New York : Palgrave Macmillan, 2008.
Edition:1st ed.
Subjects:
Online Access:Contributor biographical information
Publisher description

MARC

Tag First Indicator Second Indicator Subfields
LEADER 00000cam a22000004a 4500
001 in00002373339
005 20151109042901.0
008 070831s2008 nyua b 001 0 eng
010 |a  2007036155 
020 |a 140398493X 
020 |a 9781403984937 
035 |a (OCoLC)ocn168720981 
035 |a (OCoLC)168720981 
040 |a DLC  |c DLC  |d YDXCP  |d BAKER  |d C#P  |d UtOrBLW 
049 |a TXAM 
050 0 0 |a HD58.6  |b .R46 2008 
082 0 0 |a 658.4/052  |2 22 
100 1 |a Hernández-Requejo, William. 
245 1 0 |a Global negotiation :  |b the new rules /  |c William Hernández Requejo and John L. Graham. 
250 |a 1st ed. 
264 1 |a New York :  |b Palgrave Macmillan,  |c 2008. 
300 |a 263 pages :  |b illustrations ;  |c 25 cm. 
336 |a text  |b txt  |2 rdacontent 
337 |a unmediated  |b n  |2 rdamedia 
338 |a volume  |b nc  |2 rdacarrier 
504 |a Includes bibliographical references (pages [253]-258) and index. 
650 0 |a Negotiation in business. 
650 0 |a Cultural awareness. 
650 0 |a International business enterprises  |x Management. 
650 0 |a International trade  |x Social aspects. 
700 1 |a Graham, John L. 
856 4 2 |3 Contributor biographical information  |u http://www.loc.gov/catdir/enhancements/fy0743/2007036155-b.html  |t 0 
856 4 2 |3 Publisher description  |u http://www.loc.gov/catdir/enhancements/fy0743/2007036155-d.html  |t 0 
938 |a YBP Library Services  |b YANK  |n 2635243 
938 |a Baker & Taylor  |b BKTY  |c 27.95  |d 20.96  |i 140398493X  |n 0007179127  |s active 
945 |a PromptCat  |b 386310 
946 |a west,stk 
947 |a A14836855969 
994 |a 92  |b TXA 
948 |a cataloged  |b h  |c 2008/4/16  |d c  |e asalazar  |f 12:26:38 pm 
999 |a MARS 
999 f f |s 0f15af1b-7016-3f1e-bfa7-4bca96ea2a1d  |i 48fd983c-76e9-3922-b0a0-08058f891561  |t 0 
952 f f |p ric  |a Texas A&M University  |b Rellis Campus  |c Joint Library Facility  |d Remote Storage  |t 0  |e HD58.6 .R46 2008  |h Library of Congress classification  |i unmediated -- volume  |m A14836855969 
998 f f |a HD58.6 .R46 2008  |t 0  |l Remote Storage